000 00240nam a2200097Ia 4500
001 1208615
005 20250827022849.0
008 250824s9999 xx 000 0 und d
245 0 _aYENİ HAYAT
_cORHAN PAMUK
260 _bYAPI KREDİ YAYINLARI
999 _c1208615
_d1208615